| 000 | 00953nam a2200229 u 4500 | ||
|---|---|---|---|
| 001 | 000376119 | ||
| 003 | AM-YeHGA | ||
| 005 | 20250618072307.0 | ||
| 008 | 041101s1982 ai c|||gr|||||||||0|arm|d | ||
| 040 | _aAM-YeHGA | ||
| 041 | 0 | _aarm | |
| 100 | 1 | _aՄարտիրոսյան, Վոլոդյա Մինասի | |
| 245 | 1 | 0 |
_aԼևոն Հովհաննիսյան / _cՎ.Մ. Մարտիրոսյան ; ՀՍՍՀ Առողջապահ. մինիստր. հանրապետ. Սանլուստուն. |
| 260 |
_aԵրևան : _bՀայաստան, _c1982. |
||
| 300 |
_a44 էջ ; : _b1թ. դիմանկ. ; _c17 սմ. |
||
| 440 | 0 | _aՎաստակաշատ բժիշկներ | |
| 600 | 1 | 4 |
_aՀովհաննիսյան, Լևոն Անդրեասի, _d1885-1970 _91979 |
| 650 | 1 | 4 |
_aԲժշկագիտություն _94452 |
| 710 | 2 | _aՀՍՍՀ Առողջապահության մինիստրության հանրապետական Սանլուստուն | |
| 942 |
_2udc _cBK |
||
| 090 | _c145125 | ||
| 999 |
_c143744 _d143744 |
||